Hidden Neighbors of Russia Quiz Stats

 Plays Quiz Updated Apr 25, 2018

Challenge
Share
Tweet
Score 0/14 Timer 03:00
18 Plays Today
% Correct
Kazakhstan
89.8%
Mongolia
85.9%
China
84.5%
Ukraine
77%
Finland
75.3%
Belarus
73.8%
Latvia
66.6%
% Correct
Poland
62.8%
Lithuania
58.1%
Estonia
57.6%
Norway
52.2%
Azerbaijan
48.9%
Georgia
43.6%
North Korea
39%

You're not logged in!

Compare scores with friends on all Sporcle quizzes.
OR
Log In

You Might Also Like...

Show Comments

Extras

Top Quizzes Today


Score Distribution

Your Account Isn't Verified!

In order to create a playlist on Sporcle, you need to verify the email address you used during registration. Go to your Sporcle Settings to finish the process.

Report this User

Report this user for behavior that violates our Community Guidelines.

Details: